[Event "Hallsberg opJ32"]
[Site "Hallsberg"]
[Date "1997.01.03"]
[Round "7"]
[White "Zavoronkov, Vladimir"]
[Black "Gavrikov, Viktor"]
[Result "1/2-1/2"]
[WhiteElo "2265"]
[BlackElo "2605"]

1.e4 c5 2.Nf3 Nc6 3.Bb5 e6 4.O-O Nge7 5.c3 d5 6.exd5 Qxd5 7.d4 cxd4 8.c4 Qd6
9.Nxd4 Bd7 10.Nxc6 Nxc6 11.Nc3 a6  1/2-1/2

[Event "Ano Liosia op"]
[Site "Athens"]
[Date "1997.01.05"]
[Round "3"]
[White "Nevednichy, Vladislav"]
[Black "Papastavropoulos, Andreas"]
[Result "1-0"]
[WhiteElo "2550"]
[BlackElo "2210"]

1.e4 c5 2.Nf3 Nc6 3.Bb5 Qc7 4.O-O Nf6 5.Re1 Ne5 6.Nxe5 Qxe5 7.c3 a6 8.Bf1 e6
9.d4 Qc7 10.e5 Nd5 11.c4 Nb6 12.d5 d6 13.Bf4 dxe5 14.Bxe5 Qd8 15.Qh5 Qe7
16.Nc3 Kd8 17.Rad1 Bd7 18.dxe6 fxe6 19.Ne4 Qe8 20.Qh3 Rc8 21.Nd6 Bxd6 22.Rxd6 Rc6
23.Qb3 Nc8 24.Rd2 Nb6 25.a4 a5 26.Red1 Ke7 27.Qg3 Qg6 28.Qh4+ Ke8 29.Be2 h5
30.Bf3 Qf5 31.Bxg7 Rh7 32.Be4 Qxe4 33.Qxe4 Rxg7 34.Qe5 Rh7 35.Qg5 Rf7 36.Qxh5 Rc7
37.Rd6  1-0

[Event "Hallsberg opJ32"]
[Site "Hallsberg"]
[Date "1997.01.05"]
[Round "9"]
[White "Zavoronkov, Vladimir"]
[Black "Lauber, Arnd"]
[Result "1/2-1/2"]
[WhiteElo "2265"]
[BlackElo "2380"]

1.e4 c5 2.Nf3 Nc6 3.Bb5 e6 4.O-O Nge7 5.c3 a6 6.Ba4 b5 7.Bc2 Bb7 8.a4 d5
9.axb5 axb5 10.Rxa8 Bxa8 11.Qe2  1/2-1/2

[Event "RUS-Cup4"]
[Site "Perm"]
[Date "1997.02.08"]
[Round "1"]
[White "Yandemirov, Valeri"]
[Black "Polovnikova, Ekaterina"]
[Result "0-1"]
[WhiteElo "2500"]
[BlackElo "2170"]

1.e4 c5 2.Nf3 Nc6 3.Bb5 g6 4.O-O Bg7 5.c3 Nf6 6.Re1 O-O 7.e5 Nd5 8.d4 cxd4
9.cxd4 d6 10.Nc3 Nxc3 11.bxc3 Bg4 12.exd6 Qxd6 13.h3 Bxf3 14.Qxf3 e5 15.Bxc6 bxc6
16.dxe5 Bxe5 17.Bh6 Rfe8 18.Rad1 Qc7 19.Re4 Re6 20.Rc4 Rc8 21.Be3 Rb8 22.g4 Rf6
23.Qe4 Re6 24.Qf3 Rf6 25.Qe4 Re6 26.Qc2 Rd8 27.Rxd8+ Qxd8 28.Ra4 Qf6 29.Rxa7 Qf3
30.Ra8+ Kg7 31.Qd2 g5 32.Bd4 Bxd4 33.Qxd4+ Kh6 34.Kh2 c5 35.Qxc5 Qxa8 36.h4 Qb8+
37.Kh3 Kg7 38.Qxg5+ Rg6 39.Qe3 Re6 40.Qg5+ Kh8 41.Qf5 Qb7 42.h5 Qe7 43.Qf4 Qf6
44.Qb8+ Kg7 45.Kg2 Qxc3 46.g5 h6 47.Qf4 hxg5 48.Qxg5+ Kh7 49.Qf5+ Kg8  0-1

[Event "RUS-Cup4"]
[Site "Perm"]
[Date "1997.02.08"]
[Round "1"]
[White "Kobelev, Andrei"]
[Black "Fominyh, Alexander"]
[Result "0-1"]
[WhiteElo "2375"]
[BlackElo "2545"]

1.e4 c5 2.Nf3 Nc6 3.Bb5 Na5 4.c3 a6 5.Ba4 Nf6 6.Bc2 b5 7.O-O Bb7 8.Re1 e6
9.d4 cxd4 10.Nxd4 Be7 11.e5 Nd5 12.Qg4 g6 13.Bh6 Qc7 14.Nd2 Nc4 15.Nxc4 bxc4
16.Nf3 f5 17.exf6 Nxf6 18.Qh3 Rg8 19.Bg5 Nh5 20.Bxe7 Kxe7 21.Qh4+ Nf6 22.Ng5 Raf8
23.Rad1 Qb6 24.Ba4 Rd8 25.Qxc4 Rge8 26.h3 Kf8 27.Qh4 Re7 28.Qf4 Kg7 29.Rd6 Qc7
30.Qd4 Rde8 31.Nxh7 Kxh7 32.Re5 Bd5 33.Rxa6 Rf8 34.Bc2 Rg7 35.Rg5 Qc4 36.Qxc4 Bxc4
37.Ra4 Bd5 38.Rh4+ Kg8 39.c4 Bc6 40.b4 Ra8 41.b5 Bb7 42.a4 Kf7 43.f3 d6 44.Rh6 Ng8
45.Rhxg6 Rxg6 46.Bxg6+ Kf6 47.h4 Rxa4 48.Bd3 Ne7 49.f4 Ra3 50.Bf1 Nf5 51.h5 Be4
52.Rg8 Ra1 53.Kf2 Ra2+ 54.Ke1 Ne3 55.g4 Kf7 56.Rd8 Ra1+ 57.Kf2 Nxg4+ 58.Kg3 Nf6
59.Be2 Ra2 60.Bd1 Ke7 61.Rc8 Rd2 62.Ba4 Nxh5+ 63.Kh4 Nxf4 64.b6 Ng6+ 65.Kh3 Rd3+
66.Kh2 Ne5 67.b7 Bxb7 68.Rc7+ Kf6 69.Rxb7 Nxc4  0-1

[Event "RUS-Cup4"]
[Site "Perm"]
[Date "1997.02.10"]
[Round "3"]
[White "Nikolaidis, Ioannis"]
[Black "Skatchkov, Pavel"]
[Result "1/2-1/2"]
[WhiteElo "2565"]
[BlackElo "2370"]

1.e4 c5 2.Nf3 Nc6 3.Bb5 Nf6 4.Nc3 Nd4 5.Bc4 d6 6.h3 e6 7.d3 Be7 8.Nxd4 cxd4
9.Ne2 Qb6 10.O-O O-O 11.c3 dxc3 12.Nxc3 Bd7 13.Qb3 Qxb3 14.Bxb3 Bc6 15.Be3 Rfd8
16.Rac1 d5 17.e5 Nd7 18.d4 Nb6 19.Rfd1 Nc4 20.Rc2 Rac8 21.Bxc4 dxc4 22.d5 Bxd5
23.Bxa7 Bc6 24.Rcd2 Rxd2 25.Rxd2 Bg5 26.Rd1 h5 27.Bb6 Bf4 28.Rd4 Bc1 29.Rxc4 Bxb2
30.a4 Bd7 31.Rxc8+ Bxc8 32.Bd4 Bd7 33.a5 Bc6 34.Ne2 Ba3 35.Nf4 Bb4 36.Bb6 Bc3
37.Bc7 g6 38.Ne2 Bb4 39.h4 Be7 40.g3 Bc5 41.Bb6 Bb4 42.Nd4 Bd5 43.Kf1 Bc4+
44.Kg2 Kg7 45.f4 Be1 46.Kh2 Bd5 47.Bd8 Bc4 48.Kg2 Kf8 49.Kh2 Bc3 50.Bb6 Kg7
51.Kg2 Bb4 52.Kf2 Bd5 53.Nb5 Kg8 54.Nc7 Bc4 55.Ne8 f5 56.Nf6+ Kf7 57.Nd7 Bc3
58.Nc5 Bd4+ 59.Kg2  1/2-1/2

[Event "RUS-Cup4"]
[Site "Perm"]
[Date "1997.02.12"]
[Round "5"]
[White "Totsky, Leonid"]
[Black "Yakovich, Yuri"]
[Result "0-1"]
[WhiteElo "2495"]
[BlackElo "2575"]

1.e4 c5 2.Nf3 Nc6 3.Bb5 g6 4.O-O Bg7 5.c3 Nf6 6.Qa4 Qb6 7.Re1 O-O 8.h3 Rd8
9.Na3 d6 10.Nc4 Qc7 11.Bxc6 bxc6 12.e5 Nd5 13.d4 cxd4 14.Nxd4 dxe5 15.Nf3 f6
16.Na5 Bd7 17.Nb3 Qb6 18.Qa3 Bf8 19.Be3 Nxe3 20.Rxe3 Bf5 21.Qa4 Qb5 22.Qxb5 cxb5
23.Nc5 Rac8 24.b4 a5 25.g4 axb4 26.cxb4 Bc2 27.Rc3 Bd1 28.Ne1 Bh6 29.a3 Kf7
30.Kf1 Rd2 31.Kg2 Be2 32.Rac1 Rd4 33.Ra1 f5 34.Nf3 Bxf3+ 35.Rxf3 e4 36.Rb3 Rd2
37.Kf1 Bg7 38.Re1 Bd4 39.Re2 Rxe2 40.Kxe2 Bxc5 41.Rc3 Ke6 42.gxf5+ gxf5 43.bxc5 Kd5  0-1

[Event "RUS-Cup4"]
[Site "Perm"]
[Date "1997.02.13"]
[Round "6"]
[White "Yandemirov, Valeri"]
[Black "Skatchkov, Pavel"]
[Result "1/2-1/2"]
[WhiteElo "2500"]
[BlackElo "2370"]

1.e4 c5 2.Nf3 Nc6 3.Bb5 Nf6 4.Qe2 Qb6 5.Nc3 Nd4 6.Nxd4 cxd4 7.Nd5 Nxd5 8.exd5 Qc5
9.Qc4 Qxc4 10.Bxc4 e6 11.c3 Bc5 12.b4 Be7 13.Bb2 O-O 14.a4 b6 15.a5 Bb7 16.a6 Bxd5
17.Bxd5 exd5 18.b5 dxc3 19.Bxc3 Bc5 20.d4 Bd6 21.O-O-O Rfe8 22.Rhe1 Kf8 23.Rxe8+ Rxe8
24.Kd2 Rc8 25.Kd3 f6 26.h3 Kf7 27.Bd2 Rc4 28.Rc1 Bb4 29.Be3 Rxc1 30.Bxc1 Bd6  1/2-1/2

[Event "RUS-Cup4"]
[Site "Perm"]
[Date "1997.02.14"]
[Round "7"]
[White "Sadvakasov, Darmen"]
[Black "Sorokin, Maxim"]
[Result "1/2-1/2"]
[WhiteElo "2405"]
[BlackElo "2560"]

1.e4 c5 2.Nf3 Nc6 3.Bb5 e6 4.O-O Nge7 5.Nc3 a6 6.Bxc6 Nxc6 7.d4 cxd4 8.Nxd4 Qc7
9.Re1 Bd6 10.Nxc6 dxc6 11.Qh5 e5 12.f4 g6 13.Qf3 b5 14.f5 Qe7 15.Qg3 Bb7
16.fxg6 hxg6 17.Bg5 f6 18.Be3 Kf7 19.Rf1 Kg7 20.Rad1 Rad8 21.Rd2 Bc8 22.h3 Be6
23.Rdf2 Rdf8 24.b3 Rh5 25.Qf3 f5 26.exf5 Rhxf5 27.Qe2 Bd5 28.Nd1 Qh4 29.Qd3 Qe4
30.Qd2 Qxg2+ 31.Rxg2 Rxf1+ 32.Kh2 e4+ 33.Rg3 R8f3 34.Kg2 Bxg3 35.c4 bxc4
36.bxc4 Be6 37.Qd4+ Kf7 38.Qxe4 Bb8 39.Nf2 R1xf2+ 40.Bxf2 Rxh3 41.Qxc6 Be5
42.Qe4 Rh2+ 43.Kg1 Rh5 44.Bh4 a5 45.Qb7+ Kg8 46.Qb6 Kf7 47.Qd8 g5 48.Bxg5 Bxc4
49.Qd7+ Kg6 50.Bd2 Bf7 51.a4 Bf6 52.Qg4+ Kh7 53.Be3 Re5 54.Kf2 Be6 55.Qg3 Bd7
56.Qh2+ Kg8 57.Qg2+ Kf8 58.Qa8+ Ke7 59.Qb7 Rf5+ 60.Ke2 Bc3 61.Qe4+ Be6 62.Qh4+ Ke8
63.Qe4 Ke7 64.Kd3 Bb4 65.Bd4 Kd6 66.Qa8 Bd7 67.Qb8+ Ke7 68.Ke4 Rh5 69.Qc7 Rh4+
70.Kd5 Rh5+ 71.Be5 Rf5 72.Ke4 Rh5 73.Qa7 Rh4+ 74.Kd5 Rh5 75.Qb6 Rf5 76.Ke4 Rf7
77.Bf4 Rf5 78.Bg3 Rh5 79.Be5 Rf5 80.Qg6 Rxe5+ 81.Kxe5 Bxa4 82.Qe6+ Kd8 83.Qb6+ Kc8
84.Qa6+ Kc7 85.Qc4+ Kb7 86.Kd5  1/2-1/2

[Event "AUT-chT2O 9798"]
[Site "Austria"]
[Date "1997.02.15"]
[Round "10"]
[White "Schwab, Rene"]
[Black "Vokroj, Rene"]
[Result "1/2-1/2"]
[WhiteElo "2265"]
[BlackElo "2250"]

1.e4 c5 2.Nf3 Nc6 3.Bb5 g6 4.O-O Bg7 5.Re1 Qc7 6.c3 a6 7.Bf1 d6 8.h3 e5 9.Na3 Nge7
10.Nc2 O-O 11.d4 exd4 12.cxd4 cxd4 13.Ncxd4 Nxd4 14.Nxd4 d5 15.Bg5 dxe4 16.Rxe4 Nf5
17.Nxf5 Bxf5 18.Rb4 b5 19.Rc1 Qe5 20.Qd2 Rfe8 21.Bf4 Qe7 22.Bg5 Qf8 23.a3 h6
24.Be3 Rad8 25.Qe2 Qe7 26.Qf3 Be4 27.Qf4 g5 28.Qg4 Bg6 29.Bb6 Rd2 30.Rc8 f5
31.Rxe8+ Qxe8 32.Qf3 f4 33.Ba5 Rc2 34.Kh2 Qd7 35.a4 bxa4 36.Bc4+ Kh7 37.Qa8 h5
38.Rb7 Qd4 39.Qg8+ Kh6 40.Bc3 Rxc3 41.bxc3 Qe5 42.Rb6 f3+ 43.g3 Qe1 44.Rxg6+ Kxg6
45.Bd3+ Kf6 46.Qd8+ Qe7 47.Qd5 Qe5 48.Qxf3+ Ke7 49.Qb7+ Kd8 50.Qxa6 Qc5 51.Kg1 a3
52.Bb5 Bxc3 53.Qb7 Qd6 54.Qa8+ Kc7 55.Qa7+ Kd8 56.Qa8+ Kc7 57.Qa7+ Kd8 58.Qa8+ Kc7  1/2-1/2

[Event "Beersheba 16th"]
[Site "Beersheba"]
[Date "1997.02.28"]
[Round "5"]
[White "Golod, Vitali"]
[Black "Greenfeld, Alon"]
[Result "1/2-1/2"]
[WhiteElo "2515"]
[BlackElo "2520"]

1.e4 c5 2.Nf3 Nc6 3.Bb5 e6 4.O-O Nge7 5.b3 a6 6.Bxc6 Nxc6 7.Bb2 b5 8.a4 b4
9.Re1 Bb7 10.d3 d6 11.d4 Qf6 12.Qd3 cxd4 13.Nxd4 Nxd4 14.Bxd4 Qg6 15.Nd2 d5
16.exd5 Bxd5 17.Qxg6 hxg6 18.Nf1  1/2-1/2

[Event "RUS-Cup6"]
[Site "Krasnodar"]
[Date "1997.03.11"]
[Round "1"]
[White "Kovalevskaya, Ekaterina"]
[Black "Tregubov, Pavel V"]
[Result "0-1"]
[WhiteElo "2350"]
[BlackElo "2525"]

1.e4 c5 2.Nf3 Nc6 3.Bb5 Qb6 4.Nc3 e6 5.Bxc6 Qxc6 6.O-O a6 7.d4 cxd4 8.Nxd4 Qc7
9.Re1 b5 10.a4 b4 11.Nd5 exd5 12.exd5+ Be7 13.d6 Qxd6 14.Qf3 Qxd4 15.Qxa8 Qc5
16.Bf4 Qc6 17.Qb8 f6 18.Qxb4 Bb7 19.f3 Kf7 20.Qb3+ d5 21.Kh1 Bc5 22.Be3 Bd6
23.Rac1 Ne7 24.c4 Rb8 25.Red1 Bc8 26.Qa2 Bd7 27.b3 Qb7 28.c5 Be5 29.b4 Qxb4
30.c6 Be6 31.Qc2 Qh4 32.f4 Rb2 33.fxe5 Rxc2 34.Rxc2 Qxa4 35.Rdc1 d4 36.exf6 gxf6
37.Bd2 Bb3 38.Rc5 Qa2 39.Bb4 d3 40.c7 d2 41.Bxd2 Qxd2 42.c8=Q Nxc8 43.Rxc8 Bd5
44.R8c7+ Kg6 45.R7c2 Qd4 46.Rc3 h5 47.Rg3+ Kh6 48.h3 Qf2  0-1

[Event "Clarin GP-f"]
[Site "Villa Gesell"]
[Date "1997.03.13"]
[Round "10"]
[White "Zarnicki, Pablo"]
[Black "Braga, Fernando"]
[Result "1-0"]
[WhiteElo "2560"]
[BlackElo "2455"]

1.e4 c5 2.Nf3 Nc6 3.Bb5 e6 4.O-O Nge7 5.c3 d5 6.exd5 Qxd5 7.Re1 Bd7 8.Na3 Ng6
9.Bf1 Be7 10.d4 cxd4 11.Nb5 Rc8 12.Nfxd4 Nxd4 13.Nxd4 O-O 14.Nb5 a6 15.Qxd5 exd5
16.Nd4 Bf6 17.Be3 Ne5 18.Bg5 Ng4 19.Bxf6 Nxf6 20.Bd3 g6 21.Bc2 Rfe8 22.f3 Rxe1+
23.Rxe1 Kf8 24.Kf2 Re8 25.Rd1 Ke7 26.Bb3 Kd6 27.Nc2 Kc5 28.Ne3 Be6 29.a3 a5
30.g4 Rd8 31.Rd4 b5 32.Ba2 a4 33.h4 h6 34.Bb1 Rg8 35.Bd3 h5 36.Rb4 Rb8 37.g5 Ne8
38.Ng2 Nd6 39.Nf4 Bd7 40.Rd4 Bc6 41.Bf1 Re8 42.Nd3+ Kb6 43.Nb4 Kc5 44.Bh3 Re7
45.Rf4 Bd7 46.Na6+ Kb6 47.Rf6 Be6 48.Nb4 Kb7 49.Nxd5 Bxd5 50.Rxd6 Bc4 51.Rd7+ Rxd7
52.Bxd7 Kc7 53.Bh3 Kd6 54.Ke3 f5 55.gxf6 Ke5 56.f4+ Kxf6 57.Kd4 Be2 58.Bd7 Ke7
59.Bc6 Ke6 60.Be4 Kf6 61.Kc5 Bf1 62.Kd6 Bc4 63.Kc6 Be2 64.Kc5 Bf1 65.Kb4 Be2
66.Bc6 Kf5 67.Bxb5 Bxb5 68.Kxb5 Kxf4 69.c4 g5 70.hxg5  1-0

[Event "RUS-Cup6"]
[Site "Krasnodar"]
[Date "1997.03.17"]
[Round "7"]
[White "Kovalevskaya, Ekaterina"]
[Black "Volzhin, Alexander"]
[Result "0-1"]
[WhiteElo "2350"]
[BlackElo "2505"]

1.e4 c5 2.Nf3 Nc6 3.Bb5 g6 4.O-O Bg7 5.c3 Nf6 6.e5 Nd5 7.d4 cxd4 8.cxd4 O-O
9.Nc3 Nc7 10.Ba4 d6 11.Bxc6 bxc6 12.Qa4 Rb8 13.exd6 Qxd6 14.Ne4 Qd5 15.Re1 Bf5
16.Nc3 Qd6 17.Bg5 Ne6 18.Be3 Rxb2 19.Qxa7 Rbb8 20.Qa6 Nxd4 21.Nxd4 Bxd4 22.Bxd4 Qxd4
23.Ne2 Qf6 24.Rac1 Rfc8 25.Ng3 Rb2 26.Qa7 Bd3 27.f3 e6 28.Rcd1 Bf5 29.a4 Rd8
30.Qc5 Rdd2 31.Rxd2 Rxd2 32.a5 Qb2  0-1

[Event "DEN-ch"]
[Site "Esbjerg"]
[Date "1997.03.25"]
[Round "4"]
[White "Larsen, Bent"]
[Black "Hansen, Sune Berg"]
[Result "1/2-1/2"]
[WhiteElo "2520"]
[BlackElo "2505"]

1.e4 c5 2.Nf3 Nc6 3.Bb5 d6 4.O-O Bd7 5.Re1 Nf6 6.c3 a6 7.Bf1 Bg4 8.d3 e6
9.Nbd2 Be7 10.h3 Bh5 11.g4 Bg6 12.Nh4 Nd7 13.Ng2 h5 14.f4 hxg4 15.hxg4 Bh7
16.Nf3 g5 17.f5 Nde5 18.Nxe5 Nxe5 19.Ne3 Bg8 20.Bg2 Bf6 21.a4 Rh4 22.Rf1 Nc6
23.Nc4 d5 24.exd5 exd5 25.Ne3 Ne7 26.Qf3 d4 27.Qxb7 Rb8 28.Qxa6 Rb6 29.Qc4 dxe3
30.a5 Qb8 31.Re1 Rxb2 32.Bxb2 Qxb2 33.Ra2 Qxc3 34.Qxc3 Bxc3 35.a6 Bd4 36.Bf3 Nc8
37.a7 Nxa7 38.Rxa7 Kf8 39.Kg2 Kg7 40.Rh1 Rxh1 41.Kxh1 Kf8 42.Ra8+ Kg7 43.Kg2 f6
44.Kf1 Bb3 45.Rc8 Kf7 46.Rb8 Bc2 47.Rb7+ Ke8 48.Ke2 Kd8 49.Bd5 Ba4 50.Ra7 Bb5
51.Be4 Kc8 52.Rb7 Ba4 53.Bd5 Kd8 54.Bf3 Kc8 55.Ra7 Bb5 56.Ra5 Bd7 57.Ra7 Bb5
58.Be4 Kd8 59.Bd5 Bd7 60.Kd1 Bb5  1/2-1/2

[Event "ISR-ch op"]
[Site "Tel  Aviv"]
[Date "1997.04.19"]
[Round "3"]
[White "Shevelev, Danny"]
[Black "Tsesarsky, Ilya"]
[Result "0-1"]
[WhiteElo "2190"]
[BlackElo "2390"]

1.e4 c5 2.Nf3 Nc6 3.Bb5 e6 4.O-O Nge7 5.Re1 Nd4 6.Nc3 Nxb5 7.Nxb5 Ng6 8.d4 a6
9.Nc3 cxd4 10.Qxd4 d6 11.a4 Bd7 12.Be3 Rc8 13.a5 h6 14.Qd2 Ne5 15.Nxe5 dxe5
16.Bb6 Qg5 17.Be3 Qh4 18.Na4 Bc6 19.f3 Bxa4 20.g3 Qd8 21.Qxd8+ Kxd8 22.Bb6+ Ke7
23.Rxa4 Rxc2 24.Rb4 Kf6 25.Rb3 Be7 26.Be3 Rc7 27.Rd1 Rd8 28.Rf1 Rdd7 29.Kg2 Bc5
30.Rf2 Bd4 31.Rd2 Bxe3 32.Rxd7 Rxd7 33.Rxe3 Rd2+ 34.Kh3 Rxb2 35.Rc3 h5 36.Rc7 g5
37.Rd7 Kg6 38.g4 h4 39.Rd8 Kf6 40.Rd7 Rf2 41.Rd3 Ke7 42.Rb3 Ke8  0-1

[Event "FRA-chT9697 final"]
[Site "Clichy"]
[Date "1997.05.01"]
[Round "8"]
[White "Philippe, Christophe"]
[Black "Marzolo, Cyril"]
[Result "0-1"]
[WhiteElo "2155"]
[BlackElo "2155"]

1.e4 c5 2.Nf3 Nc6 3.Bb5 g6 4.Bxc6 dxc6 5.h3 Bg7 6.d3 Nf6 7.Nc3 e5 8.Be3 Qe7
9.Qd2 h6 10.a3 b6 11.O-O Bb7 12.b4 cxb4 13.axb4 Qxb4 14.Ra4 Qd6 15.Rfa1 Qb8
16.d4 Nd7 17.dxe5 Nxe5 18.Nxe5 Bxe5 19.f4 Bg7 20.f5 g5 21.Bd4 f6 22.Bf2 O-O
23.Qe3 Bc8 24.Ne2 Kh8 25.Qb3 c5 26.Bg3 Qb7 27.Nc3 Bd7 28.Ra6 Bc6 29.Nd5 Rfd8
30.Nc7 Bxe4 31.Nxa8 Rxa8 32.Qa3 Qd5 33.Rxa7 Rxa7 34.Qxa7 Bxg2 35.Re1 Bxh3
36.Re2 Bxf5 37.Rf2 Qd1+ 38.Kh2 Be4  0-1

[Event "FRA-chT9697 final"]
[Site "Clichy"]
[Date "1997.05.02"]
[Round "9"]
[White "Gachon, Lionel"]
[Black "Komarov, Dimitri"]
[Result "0-1"]
[WhiteElo "2275"]
[BlackElo "2615"]

1.e4 c5 2.Nf3 Nc6 3.Bb5 e6 4.O-O Nge7 5.b3 Ng6 6.Bb2 f6 7.d4 cxd4 8.Nxd4 Bc5
9.Nxc6 dxc6 10.Qh5 e5 11.Rd1 Bxf2+ 12.Kf1 Qc7 13.Nc3 Bd4 14.Nd5 Qf7 15.Ba3 cxb5
16.Rxd4 exd4 17.Bd6 Ne5 18.Qe2 Bg4 19.Qxb5+ Qd7 20.Nc7+ Kf7 21.Qxb7 Qxd6
22.Nb5+ Qe7  0-1

[Event "FRA-chT9697 final"]
[Site "Clichy"]
[Date "1997.05.03"]
[Round "10"]
[White "Philippe, Christophe"]
[Black "Berthelot, Yannick"]
[Result "0-1"]
[WhiteElo "2155"]
[BlackElo "2295"]

1.e4 c5 2.Nf3 Nc6 3.Bb5 e6 4.Bxc6 bxc6 5.O-O Ne7 6.d3 Ng6 7.Ng5 Be7 8.Qh5 e5
9.f4 Bxg5 10.fxg5 d6 11.Nc3 Be6 12.Ne2 Qd7 13.h3 h6 14.gxh6 O-O-O 15.Ng3 gxh6
16.Nf5 Rdg8 17.Be3 Ne7 18.Nxe7+ Qxe7 19.Kh2 Rg6 20.Rf2 Rhg8 21.c4 Qf8 22.Qf3 Qg7
23.g4 f6 24.b4 h5 25.Qg3 hxg4 26.h4 Rh8 27.Kg2 cxb4 28.a3 b3 29.Rb2 Qh7 30.Rh1 Rg7
31.Rxb3 Rb7 32.Rb4 c5 33.Rb5 a6 34.Rxb7 Qxb7 35.Qf2 f5 36.Qc2 f4 37.Bf2 g3
38.Be1 Kd7 39.Ba5 Rb8 40.Kf3 Qb3 41.Qd2 Bxc4 42.Bc3 Bb5 43.h5 Rg8 44.h6 g2
45.Rg1 Rg3+ 46.Kf2 Qg8  0-1

[Event "FRA-chT9697 final"]
[Site "Clichy"]
[Date "1997.05.04"]
[Round "11"]
[White "Weill, Roland"]
[Black "Apicella, Manuel"]
[Result "0-1"]
[WhiteElo "2305"]
[BlackElo "2500"]

1.e4 c5 2.Nf3 Nc6 3.Bb5 g6 4.O-O Bg7 5.Re1 Qb6 6.Bxc6 Qxc6 7.Nc3 d6 8.Nd5 Bg4
9.h3 Bxf3 10.Qxf3 Qd7 11.d3 e6 12.Ne3 Nf6 13.Nc4 O-O 14.Bf4 Ne8 15.a4 b6
16.Qe3 Rd8 17.Bh6 e5 18.Bxg7 Nxg7 19.f4 exf4 20.Qxf4 f5 21.exf5 Nxf5 22.Qg4 Nd4
23.Qxd7 Rxd7 24.Rac1 d5 25.Ne5 Re7 26.c3 Nb3 27.Nf3 Nxc1 28.Rxe7 Nxd3 29.Rxa7 Nxb2
30.a5 bxa5 31.Rxa5 Nd3 32.Ra7 Rf7 33.Ra8+ Kg7 34.Rd8 Nf4 35.Kf2 Re7 36.g3 Nd3+
37.Kf1 Re3 38.Rxd5 Rxf3+ 39.Ke2 Rxg3 40.Rxd3 Rxd3 41.Kxd3 g5 42.Kc4 h5 43.Kxc5 g4
44.hxg4 h4  0-1

[Event "RUS-Cup7"]
[Site "Kstovo"]
[Date "1997.05.08"]
[Round "7"]
[White "Alavkin, Arseny"]
[Black "Neverov, Valeriy"]
[Result "1/2-1/2"]
[WhiteElo "2375"]
[BlackElo "2530"]

1.e4 c5 2.Nf3 Nc6 3.Bb5 g6 4.O-O Bg7 5.Re1 Nf6 6.e5 Nd5 7.Nc3 Nc7 8.Bxc6 dxc6
9.Ne4 b6 10.Nf6+ Kf8 11.Ne4 Bg4 12.d3 Ne6 13.Ned2 Qd5 14.h3 Bxf3 15.Nxf3 Rd8
16.b3 h6 17.Bd2 Kg8 18.Re4 h5 19.Qf1 Bh6 20.Bxh6 Rxh6 21.Qc1 Kg7 22.h4 Rhh8
23.Qb2 a5 24.a4 Ra8 25.Rae1 Rhd8 26.Qc1 b5 27.Ng5 Nxg5 28.Qxg5 Qe6 29.Qe3 Rd5
30.Ra1 Qf5 31.Re1 Qe6 32.Ra1 Qf5 33.Re1  1/2-1/2

[Event "RUS-ch m1-2"]
[Site "Elista"]
[Date "1997.05.22"]
[Round "2.1"]
[White "Ulibin, Mikhail"]
[Black "Makarov, Marat"]
[Result "1/2-1/2"]
[WhiteElo "2555"]
[BlackElo "2545"]

1.e4 c5 2.Nf3 Nc6 3.Bb5 e6 4.O-O Nge7 5.c3 d5 6.exd5 Qxd5 7.Re1 Bd7 8.Na3 Ng6
9.Bc4 Qh5 10.d4 cxd4 11.Nb5 O-O-O 12.cxd4 a6 13.Nc3 Bd6 14.Ne4 Bc7 15.Ng3 Qa5
16.a3 Be8 17.Bg5 Nce7 18.b4 Qb6 19.Ne4  1/2-1/2

[Event "Najdorf"]
[Site "Buenos Aires"]
[Date "1997.05.25"]
[Round "6"]
[White "Sutovskij, Emil"]
[Black "Kotronias, Vasilios"]
[Result "1/2-1/2"]
[WhiteElo "2560"]
[BlackElo "2590"]

1.e4 c5 2.Nf3 Nc6 3.Bb5 g6 4.Bxc6 dxc6 5.d3 Bg7 6.h3 Nf6 7.Nc3 Qc7 8.Be3 b6
9.Qd2 e5 10.Bh6 O-O 11.Bxg7 Kxg7 12.g4 Ne8 13.O-O-O f6 14.Rdg1 Kg8 15.h4 Ng7
16.Ne2 a5 17.Qc3 Ra7 18.Rg2 Re8 19.g5 f5 20.exf5 Bxf5 21.Ng3 Qf7 22.Nd2 Qxa2
23.h5 Qa1+ 24.Nb1 Qa4 25.Nxf5 gxf5 26.h6 Ne6 27.Qxe5 Qf4+ 28.Qe3 Nd4 29.Qxf4 Ne2+
30.Kd1 Nxf4 31.Rg3 Ng6 32.Nd2  1/2-1/2

[Event "Haarlem op"]
[Site "Haarlem"]
[Date "1997.06.29"]
[Round "5"]
[White "Winants, Luc"]
[Black "Abbink, Michel"]
[Result "1-0"]
[WhiteElo "2495"]
[BlackElo "2295"]

1.e4 c5 2.Nf3 Nc6 3.Bb5 Nf6 4.e5 Nd5 5.O-O g6 6.Nc3 Nc7 7.Re1 Nxb5 8.Nxb5 Bg7
9.d4 cxd4 10.Nd6+ Kf8 11.Nb5 Qa5 12.a4 a6 13.Nbxd4 Nxe5 14.Nxe5 Bxe5 15.Bh6+ Kg8
16.Nf5 f6 17.Nxe7+ Kf7 18.Nxc8  1-0

[Event "CZE-ch"]
[Site "Zlin"]
[Date "1997.06.??"]
[Round "2"]
[White "Velicka, Petr"]
[Black "Votava, Jan"]
[Result "0-1"]
[WhiteElo "2405"]
[BlackElo "2530"]

1.e4 c5 2.Nf3 Nc6 3.Bb5 g6 4.Bxc6 bxc6 5.O-O Bg7 6.Re1 Nh6 7.c3 f6 8.h3 O-O
9.d4 cxd4 10.cxd4 Nf7 11.Nc3 Qa5 12.Qc2 Rb8 13.Bd2 Qh5 14.Rac1 g5 15.Nd1 Qg6
16.Ne3 e6 17.a3 h5 18.Bb4 Re8 19.Nf5 Qh7 20.Nd6 Nxd6 21.Bxd6 Rb5 22.a4 Rb7
23.e5 Qxc2 24.Rxc2 Rb3 25.Nd2 Rd3 26.Ne4 f5 27.Nc5 Rxd4 28.Ree2 Rd1+ 29.Kh2 Rd5
30.b4 g4 31.Rcd2 Kf7 32.g3 Bf8 33.Kg2 a5 34.Bxf8 Kxf8 35.Rxd5 exd5 36.bxa5 d6
37.Nb3 c5 38.e6 d4 39.e7+ Rxe7 40.Rxe7 Kxe7 41.hxg4 hxg4  0-1

[Event "Politiken Cup"]
[Site "Copenhagen"]
[Date "1997.07.05"]
[Round "1"]
[White "Rasmussen, Per Arnt"]
[Black "Rasmussen, Karsten"]
[Result "0-1"]
[WhiteElo "2075"]
[BlackElo "2425"]

1.e4 c5 2.Nf3 Nc6 3.Bb5 g6 4.c3 Nf6 5.e5 Nd5 6.d4 cxd4 7.O-O Bg7 8.cxd4 O-O
9.Nc3 Nxc3 10.bxc3 d6 11.exd6 Qxd6 12.Re1 a6 13.Bxc6 Qxc6 14.Ba3 Be6 15.Bxe7 Rfe8
16.Bh4 Qxc3 17.Rc1 Qa5 18.Rc5 Qb4 19.a3 Qxa3 20.Re3 Qb4 21.h3 a5 22.Qe1 Qxe1+
23.Rxe1 a4 24.Rb5 a3 25.Ra1 a2 26.Bg5 Bc4 27.Rb2 Bd5 28.Be3 f5  0-1

[Event "Wch U20"]
[Site "Zagan"]
[Date "1997.07.14"]
[Round "1"]
[White "Van den Doel, Erik"]
[Black "De Wachter, Matthias"]
[Result "1-0"]
[WhiteElo "2440"]
[BlackElo "2175"]

1.e4 c5 2.Nf3 Nc6 3.Bb5 g6 4.O-O Bg7 5.Re1 Nf6 6.e5 Nd5 7.Nc3 Nc7 8.Bxc6 dxc6
9.Ne4 Ne6 10.d3 O-O 11.Be3 b6 12.Qd2 Nd4 13.Nxd4 cxd4 14.Bh6 f6 15.exf6 exf6
16.Bxg7 Kxg7 17.Qf4 Qd5 18.Re2 Be6 19.Rae1 Rae8 20.Nd6 Re7 21.Nc4 Rd8 22.a4 Ree8
23.h4 Qd7 24.Nd2 c5 25.a5 Qd6 26.Qxd6 Rxd6 27.Nc4 Rc6 28.axb6 axb6 29.Ra1 Kf8
30.Nd2 Rc7 31.Ra6 Rb7 32.Kf1 Bd5 33.Rxe8+ Kxe8 34.g4 Kd7 35.Ra8 Ke6 36.f4 g5
37.Re8+ Re7 38.f5+ Kd6 39.Rd8+ Ke5 40.hxg5 fxg5 41.Kf2 h5 42.gxh5 Rh7 43.Nf3+ Bxf3
44.Kxf3 g4+ 45.Kxg4 Rg7+ 46.Kf3 Rg5 47.h6 Rh5 48.Kg4 Rxh6 49.Re8+ Kd5 50.Re2 c4
51.Kg5 cxd3 52.cxd3 Rh3 53.f6 Rxd3 54.Rf2 Rg3+ 55.Kf5 Rg8 56.f7 Rf8 57.Kf6 d3
58.Ke7 Rxf7+ 59.Rxf7 d2 60.Kd8  1-0

[Event "Komercni Banka op"]
[Site "Pardubice"]
[Date "1997.07.17"]
[Round "1"]
[White "Hasangatin, Ramil"]
[Black "Simic, Dragan"]
[Result "1-0"]
[WhiteElo "2470"]
[BlackElo "2275"]

1.e4 c5 2.Nf3 Nc6 3.Bb5 g6 4.O-O Bg7 5.Re1 Nf6 6.e5 Nd5 7.Nc3 Nxc3 8.bxc3 O-O
9.d4 d6 10.exd6 exd6 11.Bg5 Bf6 12.Bh6 Re8 13.Rxe8+ Qxe8 14.d5 a6 15.dxc6 axb5
16.Qxd6 Bxc3 17.Re1 Be6 18.cxb7 Rd8 19.Qxd8 Qxd8 20.Bf4 Bxe1 21.Nxe1  1-0

[Event "Wch U20"]
[Site "Zagan"]
[Date "1997.07.21"]
[Round "7"]
[White "Sarakauskas, Gediminas"]
[Black "Savic, Miodrag R"]
[Result "1/2-1/2"]
[WhiteElo "2295"]
[BlackElo "2430"]

1.e4 c5 2.Nf3 Nc6 3.Bb5 g6 4.O-O Bg7 5.Re1 d6 6.e5 d5 7.d4 Qa5 8.c4 dxc4
9.Nc3 a6 10.Bxc6+ bxc6 11.d5 Bf5 12.d6 h6 13.Bd2 Qd8 14.Qa4 Kf8 15.Qxc6 Qc8
16.Qa4 Be6 17.Ne4 exd6 18.Nxd6 Qc7 19.Nxc4 Ne7 20.Rac1 Nf5 21.Ba5 Qb7 22.Nb6 Rb8
23.Rxc5 Kg8 24.Rec1 Qe7 25.Rc7 Qe8 26.b3 Kh7 27.Qe4 Qd8 28.Nc4 Rb5 29.Rc5 Qe7
30.Rxb5 axb5 31.Nd6 Nxd6 32.exd6 Qxd6 33.Bb4 Qa6 34.Nd4 Re8 35.Nxe6 Rxe6
36.Qc2 Bd4 37.Bc5 Rc6 38.b4 Qa3 39.h3 Bb2 40.Rd1 Qxb4 41.Qxg6+ Kxg6 42.Bxb4 Rc4
43.Bf8 Ra4 44.Rd6+ f6 45.Rb6 Rxa2 46.Rxb5 Be5 47.g3 Rd2 48.g4 Rd8 49.Bb4 Rd1+
50.Kg2 Rb1 51.Rb6 Bd4 52.Rb8 Bc5 53.Rg8+ Kf7 54.Bxc5 Kxg8 55.Be3 Kg7 56.Kg3 Kg6
57.h4 h5 58.gxh5+ Kxh5 59.Bd4 Rg1+ 60.Kh2 Rg6 61.Kh3 f5 62.Be3 Rg4 63.Bg5 f4
64.Kh2 f3 65.Kh3 Rg2 66.Be3 Kg6 67.Bd4 Kf5 68.Be3 Kg6 69.Bd4 Rg1 70.Be3 Kf5
71.h5 Ke4 72.h6 Kf5 73.Kh2 Rg8 74.Bd4 Rg4 75.Be3 Kg6 76.Kh3 Rg2 77.Kh4 Rg1
78.Kh3 Kf5 79.Kh2 Rg8  1/2-1/2

[Event "RUS-Cup10"]
[Site "Tomsk"]
[Date "1997.07.22"]
[Round "2"]
[White "Nikitin, Andrey"]
[Black "Yakovich, Yuri"]
[Result "0-1"]
[WhiteElo "2480"]
[BlackElo "2610"]

1.e4 c5 2.Nf3 Nc6 3.Bb5 g6 4.O-O Bg7 5.Bxc6 bxc6 6.Re1 Nh6 7.c3 O-O 8.d4 cxd4
9.cxd4 d5 10.Ne5 dxe4 11.Nc3 Nf5 12.Nxc6 Qb6 13.d5 Bb7 14.Be3 Qa6 15.Qa4 Qxa4
16.Nxa4 e6 17.Nc5 Bxc6 18.dxc6 Rfc8 19.Nxe4 Nxe3 20.fxe3 Rxc6 21.Re2 Rb8
22.Rb1 a5 23.Rd2 a4 24.b3 Bh6 25.Rd3 Rc2 26.Nf6+ Kg7 27.Rf1 Rd2 28.Rd7 Bxe3+
29.Kh1 Rf2  0-1

[Event "Komercni Banka op"]
[Site "Pardubice"]
[Date "1997.07.23"]
[Round "7"]
[White "Fedorchuk, Sergey A"]
[Black "Manik, Mikulas"]
[Result "0-1"]
[WhiteElo "2315"]
[BlackElo "2465"]

1.e4 c5 2.Nf3 Nc6 3.Bb5 g6 4.O-O Bg7 5.Re1 Nf6 6.c3 O-O 7.h3 e5 8.Na3 d6
9.d4 exd4 10.cxd4 cxd4 11.Nxd4 Nxd4 12.Qxd4 a6 13.Bc4 b5 14.Bb3 Bb7 15.Qd3 Re8
16.f3 b4 17.Nc2 d5 18.e5 Nd7 19.f4 a5 20.Qb5 Qc7 21.Ne3 Bc6 22.Qd3 Nc5 23.Qd4 Ne6
24.Nxd5 Qb7 25.Qc4 a4 26.Nxb4 axb3 27.Nxc6 Rac8 28.Na5 Qa7+ 29.Be3 Qxa5 30.Qxb3 Rb8
31.Qc2 Qb4 32.b3 f6 33.f5 gxf5 34.Qxf5 Nd4  0-1